|
|
|
|
| LEADER |
01383nam a2200349 a 4500 |
| 001 |
36055 |
| 003 |
BD-DhAAL |
| 005 |
20211206132117.0 |
| 008 |
200310t2006 caua b 001 0 eng d |
| 999 |
|
|
|c 42312
|d 42312
|
| 010 |
|
|
|a 2005938343
|
| 020 |
|
|
|a 1412928621 (cloth : alk. paper)
|
| 020 |
|
|
|a 141292863X (paper : alk. paper)
|
| 020 |
|
|
|a 9781412928625
|
| 020 |
|
|
|a 9781412928632
|
| 040 |
|
|
|a DLC
|c DLC
|d DLC
|d BD-DhAAL
|
| 050 |
0 |
0 |
|a LB3013
|b .R575 2006
|
| 082 |
|
|
|a 371.1024
|2 23
|
| 100 |
1 |
|
|a Rogers, Bill.
|9 39867
|
| 245 |
1 |
0 |
|a Classroom behaviour :
|b a practical guide to effective teaching, behaviour management and colleague support /
|c Bill Rogers.
|
| 250 |
|
|
|a Second edition
|
| 260 |
|
|
|a Tousand Oaks, CA :
|b PCP,
|c c2006.
|
| 300 |
|
|
|a x, 230 pages :
|b illustrations ;
|c 24 cm.
|
| 504 |
|
|
|a Includes bibliographical references (pages 223-226) and index.
|
| 526 |
|
|
|a BIED
|
| 541 |
|
|
|a Complimentary copy from BIED
|e 36055
|
| 650 |
|
0 |
|a Classroom management.
|9 39868
|
| 650 |
|
0 |
|a Effective teaching.
|9 39869
|
| 650 |
|
0 |
|a Teachers
|x Professional relationships.
|9 39870
|
| 852 |
|
|
|a Ayesha Abed Library
|c BIED Collection
|
| 942 |
|
|
|2 ddc
|c BK
|
| 952 |
|
|
|0 0
|1 0
|2 ddc
|4 0
|6 371_102400000000000_ROG
|7 0
|9 68118
|a BRACUL
|b BRACUL
|c GEN
|d 2020-03-10
|e Complimentary copy from BIED
|l 0
|o 371.1024 ROG
|p 3010036055
|r 2020-03-10
|t 1
|w 2020-03-10
|y BK
|x Transferred from BIED to General Stacks
|